00681nam a2200205Ia 4500003000900000008004100009020001800050040001600068080002300084245014500107260004800252300001600300490002700316650004100343650001900384650001700403650001000420700002400430700002100454IN-BaIIA211028s9999 xx 000 0 eng d a0-521-37018-3 cIIA Library a082.2:52bIAU-C115 0aHigh resolution x-ray spectroscopy of cosmic plasmascedited by P. Gorenstein and M. Zombeck  aCambridgebCambridge University Pressc1990 axiii, 392p. aIAU Colloquium; no.115 aAstronomy and Astrophysics Thesaurus aCosmic plasmas aspectroscopy aX-ray aGorenstein, P., ed. aZombeck, M., ed.